[Event "CUB-ch"]
[Site "?"]
[Date "1989.??.??"]
[Round "3"]
[White "Huergo, Jose Ramon"]
[Black "Vera, Reynaldo"]
[Result "1-0"]
[WhiteElo "2225"]
[BlackElo "2470"]

1.e4 c5 2.Nf3 d6 3.d4 cxd4 4.Nxd4 Nf6 5.Nc3 Nc6 6.Bg5 Bd7 7.Bxf6 gxf6 8.Nf5 Qa5
9.Bd3 e6 10.Ne3 O-O-O 11.a3 Qg5 12.g3 f5 13.f4 Qg7 14.exf5 d5 15.fxe6 fxe6
16.Ng2 h5 17.Qd2 Be7 18.O-O-O Bf6 19.Kb1 Kb8 20.Rde1 Bc8 21.Rhf1 h4 22.Nxh4 Bxh4
23.gxh4 Rxh4 24.Rf2 Qh6 25.Rg1 Ne7 26.Nb5 a6 27.Nd4 Rf8 28.Rgf1 Rf6 29.Qb4 Qf8
30.Qd6+ Ka8 31.c3 Rh5 32.Re1 e5 33.Qc7 e4 34.Bc2 Rh4 35.Ref1 Bh3 36.Rd1 Rhxf4
37.Rxf4 Rxf4 38.Ne2 Rf2 39.Ng3 Bg4 40.Rd4 Rxh2 41.Rb4 Bc8 42.Nxe4 Rh1+ 43.Ka2 Nc6
44.Nd6 Nxb4+ 45.axb4 Rh6 46.Qxc8+ Qxc8 47.Nxc8 d4 48.cxd4 Rh4 49.d5 Rxb4
50.Bf5 Kb8 51.Be6 Rd4 52.Kb3 b5 53.Nd6 Kc7 54.Nc8 a5 55.d6+ Rxd6 56.Nxd6 Kxd6
57.Bf7 Kc5 58.Be8 a4+ 59.Ka3 Kc4 60.Bg6 Kc5 61.Bd3  1-0

[Event "CUB-ch"]
[Site "?"]
[Date "1989.??.??"]
[Round "4"]
[White "Huergo, Jose Ramon"]
[Black "Armas, Jorge"]
[Result "0-1"]
[WhiteElo "2225"]
[BlackElo "2385"]

1.e4 c5 2.Nf3 d6 3.d4 cxd4 4.Nxd4 Nf6 5.Nc3 Nc6 6.Bg5 e6 7.Qd2 h6 8.Bxf6 gxf6
9.O-O-O a6 10.f4 Qc7 11.Kb1 Bd7 12.g3 O-O-O 13.f5 Be7 14.Bh3 Nxd4 15.Qxd4 Qc5
16.Qd3 Kb8 17.Rhf1 h5 18.Rf3 h4 19.Qf1 Qe5 20.Rfd3 hxg3 21.hxg3 Bc6 22.b3 Rdg8
23.Nd5 exd5 24.exd5 Bb5 25.c4 Rxh3 26.Qxh3 Bd7 27.g4 Qe4 28.Ka1 Qxg4 29.Qxg4 Rxg4
30.Re3 Bd8 31.Rh1 Bb6 32.Rf3 Bd4+ 33.Kb1 Rg5 34.Rhf1 Rg2 35.a4 b5 36.axb5 axb5
37.Rf4 Rb2+ 38.Kc1 Be5 39.R4f3 Kb7 40.R1f2 Rxf2 41.Rxf2 Kb6 42.Kc2 Kc5 43.Kd3 Kb4
44.cxb5 Bxb5+ 45.Ke4 Kxb3 46.Rf3+ Kb4 47.Rf2 Ba4 48.Ra2 Bb3  0-1

[Event "URS-sf"]
[Site "Daugavpils"]
[Date "1989.??.??"]
[Round "?"]
[White "Aseev, Konstantin N"]
[Black "Shirov, Alexei"]
[Result "1/2-1/2"]
[WhiteElo "2520"]
[BlackElo "2495"]

1.e4 c5 2.Nf3 d6 3.d4 cxd4 4.Nxd4 Nf6 5.Nc3 Nc6 6.Bg5 e6 7.Qd2 a6 8.O-O-O h6
9.Be3 Be7 10.f4 Bd7 11.Kb1 b5 12.Bd3 Nxd4 13.Bxd4 Bc6 14.Qe3 Qc7 15.Rhf1 O-O
16.h3 b4 17.Ne2 e5 18.fxe5 dxe5 19.Qg3 Nxe4 20.Qxe5 Qxe5 21.Bxe5 Nc5 22.Bc4 Nd7
23.Bd4 Bf6 24.Bxf6 Nxf6 25.Nd4 Be4 26.Nf5 Rad8 27.Rxd8 Rxd8 28.Kc1 Kf8 29.Rf2 Nd5
30.g4 Bxf5 31.gxf5 Ne3 32.Bd3 a5 33.Rf4 Nd5 34.Rc4 Ke7 35.Kd2 Kd6 36.Rg4 Rg8
37.a3 bxa3 38.bxa3 Nf6 39.Rg1 Kc6 40.Ke3 Kc5 41.Rb1 Re8+ 42.Kf3 Kd4 43.Rb7  1/2-1/2

[Event "URS-sf"]
[Site "Daugavpils"]
[Date "1989.??.??"]
[Round "?"]
[White "Kupreichik, Viktor D"]
[Black "Aseev, Konstantin N"]
[Result "0-1"]
[WhiteElo "2520"]
[BlackElo "2520"]

1.e4 c5 2.Nf3 d6 3.d4 cxd4 4.Nxd4 Nf6 5.Nc3 Nc6 6.Bg5 e6 7.Qd2 Be7 8.O-O-O O-O
9.f4 h6 10.Bh4 Nxd4 11.Qxd4 a6 12.Rd3 Qa5 13.e5 dxe5 14.fxe5 Nd5 15.Nxd5 Bxh4
16.Nb6 Qxa2 17.c4 Be7 18.Nxa8 f6 19.Kc2 fxe5 20.Qe3 Bd7 21.Nb6 Be8 22.Be2 Bg6
23.Rd1 Qa5 24.Bf3 Bg5 25.Qg1 e4 26.Bxe4 Bxe4 27.Kb3 Bxd3 28.Rxd3 Qe5 29.Nd7 Qe2
30.Qd4 Rf4 31.Qc3 Rf2 32.Ka2 Bc1 33.Rf3 Qxb2+ 34.Qxb2 Rxb2+ 35.Ka1 Rxg2 36.Rf8+ Kh7
37.Rb8 Rxh2 38.Rxb7 Bf4 39.c5 h5 40.c6 Rc2 41.Rb6 Kg6 42.Rxa6 h4 43.c7 Rxc7
44.Nf8+ Kf5 45.Nxe6 h3  0-1

[Event "Dieren op"]
[Site "Dieren"]
[Date "1989.??.??"]
[Round "2"]
[White "Rodriguez, Amador"]
[Black "Peek, Marcel"]
[Result "1-0"]
[WhiteElo "2515"]
[BlackElo "2365"]

1.e4 c5 2.Nf3 d6 3.d4 cxd4 4.Nxd4 Nf6 5.Nc3 Nc6 6.Bg5 e6 7.Qd2 Nxd4 8.Qxd4 Bd7
9.O-O-O Qa5 10.Bd2 a6 11.Be2 Bc6 12.f3 Qc5 13.Qd3 Nd7 14.f4 b5 15.Be3 Qb4
16.Bf3 Be7 17.Rhe1 O-O 18.Bd2 Qc5 19.Nd5 Bxd5 20.exd5 e5 21.Be4 g6 22.f5 Qc4
23.fxg6 Qxa2 24.gxh7+ Kh8 25.Bh6 f5 26.Bxf5 Nc5 27.Qg3 Bf6 28.Qa3 Qc4 29.Bxf8 Rxf8
30.Kb1 b4 31.Qh3 b3 32.cxb3 Nxb3 33.Bc2 Nd4 34.Qc3 Qxd5 35.Rf1 Qxg2 36.Rxf6  1-0

[Event "Dieren op"]
[Site "Dieren"]
[Date "1989.??.??"]
[Round "2"]
[White "Carlier, Bruno"]
[Black "Crisan, Alexandru"]
[Result "1-0"]
[WhiteElo "2415"]
[BlackElo "2340"]

1.e4 c5 2.Nf3 d6 3.d4 cxd4 4.Nxd4 Nf6 5.Nc3 Nc6 6.Bg5 e6 7.Bb5 Bd7 8.Bxc6 bxc6
9.Qf3 h6 10.Bh4 c5 11.Nb3 Be7 12.e5 dxe5 13.Bxf6 gxf6 14.O-O-O Rc8 15.Ne4 f5
16.Nd6+ Bxd6 17.Rxd6 c4 18.Na1 Qa5 19.Kb1 Qc5 20.Rhd1 Bc6 21.Qc3 Bxg2 22.f4 Rg8
23.fxe5 Bd5 24.a3 Ke7 25.Qh3 Rg6 26.c3 Be4+ 27.Ka2 Qxe5 28.Rd7+ Kf8 29.Qh4 Qf6
30.Qf2 Rg2 31.Qxa7 Bd3 32.Qb7 Qxc3 33.Qxc8+ Kg7 34.Rxf7+ Kxf7 35.Qb7+ Kf6
36.Qxg2 Qe5 37.Rg1 Ke7 38.Qg7+ Qxg7 39.Rxg7+ Kf6 40.Rg1 f4 41.b4 f3 42.Rg3 Be4
43.Nc2 f2 44.Ne3 Ke5 45.Ng4+ Kd4 46.Nxf2 c3 47.Nxe4  1-0

[Event "Dieren op"]
[Site "Dieren"]
[Date "1989.??.??"]
[Round "7"]
[White "Rodriguez, Amador"]
[Black "Carlier, Bruno"]
[Result "1/2-1/2"]
[WhiteElo "2515"]
[BlackElo "2415"]

1.e4 c5 2.Nf3 d6 3.d4 cxd4 4.Nxd4 Nf6 5.Nc3 Nc6 6.Bg5 e6 7.Qd2 h6 8.Bxf6 gxf6
9.O-O-O a6 10.f4 Qc7 11.Kb1 Bd7 12.g3 Be7 13.Nce2 O-O-O 14.Bg2 Kb8 15.Rhf1 Nxd4
16.Nxd4 h5 17.Rf3 h4 18.Rc3 Qb6 19.Rb3 Qc5 20.g4 Rc8 21.Re1 Rc7 22.Rh3 Rcc8
23.Rc3 Qa7 24.Rd3 Bf8 25.c3 Be7 26.Bf3 Rcd8 27.Bd1 Bf8 28.Bb3 Qc5 29.f5 Bh6
30.Qd1 Rhe8 31.Qf3 Qe5 32.h3 exf5 33.Nxf5 Bxf5 34.gxf5 Rg8 35.Qh5 Bf4 36.Qxf7 Rge8
37.Rd4 Bg3 38.Red1 Re7 39.Qh5 Bf2 40.Ra4 Qg3 41.Qh6 Qg7 42.Qg6 Qf8 43.Qg2 Bc5
44.Bd5 Qh6 45.b4 Rg7 46.Qb2 Qh5 47.Rf1  1/2-1/2

[Event "Dortmund op"]
[Site "Dortmund"]
[Date "1989.??.??"]
[Round "8"]
[White "Garkov, Mitko"]
[Black "Adzic, Slobodan"]
[Result "1-0"]
[WhiteElo "2415"]
[BlackElo "2280"]

1.e4 c5 2.Nf3 Nc6 3.d4 cxd4 4.Nxd4 Nf6 5.Nc3 d6 6.Bg5 e6 7.Qd2 Be7 8.O-O-O O-O
9.Nb3 a6 10.Bxf6 gxf6 11.Qh6 Kh8 12.Bd3 Rg8 13.f4 Rg7 14.Ne2 b5 15.Nbd4 Nb4
16.Kb1 Qa5 17.a3 Nxd3 18.Rxd3 Bb7 19.Ng3 Rag8 20.f5 e5 21.Nb3 Qd8 22.Qe3 Rg4
23.Nd2 Qa8 24.Rc3 Rc8 25.Rxc8+ Qxc8 26.Re1 d5 27.exd5 Bxd5 28.Nde4 Bxe4 29.Nxe4 Rxg2
30.c3 Qc4 31.Qf3 Rxh2 32.Nf2 h5 33.Rg1 e4 34.Qg3  1-0

[Event "ESP-ch"]
[Site "ESP"]
[Date "1989.??.??"]
[Round "4"]
[White "Alvarez Ibarra, D Rafael"]
[Black "Gomez Esteban, Juan Mario"]
[Result "0-1"]
[WhiteElo "2360"]
[BlackElo "2460"]

1.e4 c5 2.Nf3 d6 3.d4 cxd4 4.Nxd4 Nf6 5.Nc3 Nc6 6.Bg5 e6 7.Qd2 Be7 8.O-O-O O-O
9.f4 h6 10.Bh4 e5 11.Nf5 Bxf5 12.exf5 exf4 13.Kb1 d5 14.Bxf6 Bxf6 15.Nxd5 Be5
16.Bc4 b5 17.Bb3 a5 18.a3 a4 19.Ba2 b4 20.Nxb4 Qf6 21.Nd5 Qxf5 22.Qd3 Qc8
23.Qb5 Rb8 24.Ne7+ Nxe7 25.Qxe5 Nf5 26.Qxf4 Qb7 27.Qc1 Qxg2 28.Rd5 Ne3 29.Rg1 Rxb2+
30.Kxb2 Rb8+ 31.Kc3 Nxd5+ 32.Kd4 Qf2+ 33.Kxd5 Rd8+ 34.Ke4 Rd4+  0-1

[Event "ESP-ch"]
[Site "ESP"]
[Date "1989.??.??"]
[Round "7"]
[White "Ochoa de Echaguen, F Javier"]
[Black "Garcia Ilundain, David"]
[Result "1/2-1/2"]
[WhiteElo "2435"]
[BlackElo "2270"]

1.e4 c5 2.Nf3 d6 3.d4 cxd4 4.Nxd4 Nf6 5.Nc3 Nc6 6.Bg5 e6 7.Qd2 Be7 8.O-O-O O-O
9.Nb3 a6 10.f4 b5 11.Bxf6 gxf6 12.f5 Kh8 13.Bd3 b4 14.Ne2 e5 15.Bc4 a5 16.Kb1 Qb6
17.Bd5 a4 18.Nbc1 Ra5 19.Qh6 b3 20.cxb3 Rxd5 21.Rxd5 Nb4 22.Nc3 axb3 23.Nxb3 Bb7
24.Rhd1 Nxa2 25.Kxa2 Bxd5 26.Rxd5 Ra8+ 27.Ra5 Rxa5+ 28.Nxa5 Qxa5+ 29.Kb1 Kg8
30.Qd2 Kg7 31.h3 Qa6 32.Qe2 Qa7 33.Nd5 Bd8 34.Qe3 Qa6 35.Qd2 Qc4 36.Qc2 Qf1+
37.Ka2 Qa6+ 38.Kb1 Qf1+ 39.Ka2 Qa6+ 40.Kb3 Qb5+ 41.Kc3 Qc5+ 42.Kd3 Qb5+ 43.Ke3 Bb6+
44.Nxb6 Qxb6+ 45.Kf3 Qd4  1/2-1/2

[Event "FRA-chT"]
[Site "?"]
[Date "1989.??.??"]
[Round "?"]
[White "Toubale, T."]
[Black "Miralles, Gilles"]
[Result "1-0"]
[WhiteElo "2080"]
[BlackElo "2400"]

1.e4 c5 2.Nf3 d6 3.d4 cxd4 4.Nxd4 Nf6 5.Nc3 Nc6 6.Bg5 e6 7.Qd2 Be7 8.O-O-O O-O
9.f4 e5 10.Nf5 Bxf5 11.exf5 h6 12.Bxf6 Bxf6 13.Nd5 exf4 14.Nxf6+ Qxf6 15.Qxf4 Ne5
16.h4 Rad8 17.g4 d5 18.g5 Qd6 19.Qf2 d4 20.Rg1 h5 21.Be2 Qd5 22.Kb1 Rd6 23.Rg3 g6
24.Rb3 Qe4 25.Bd3 Nxd3 26.Rbxd3 Qxf5 27.Qxf5 gxf5 28.Rxd4 Rxd4 29.Rxd4 f6
30.gxf6 Rxf6 31.Kc1 f4 32.Kd2 Kf8 33.Ke2 f3+ 34.Kf2 Ke7 35.Rd5 Rc6 36.c3 Ra6
37.Rxh5 Rxa2 38.Rh7+ Kd6 39.Rxb7 Kc6 40.Rb8 Kc7 41.Rb3 Ra4 42.Rb4 Ra2 43.Kxf3 a5
44.Rb3 a4 45.Ra3 Rxb2 46.Rxa4 Rb3 47.Rc4+ Kd6 48.h5 Ke7 49.h6 Kf7 50.Rc6 Kg8
51.Ke4 Kh7 52.Kd5 Rb1 53.c4 Rd1+ 54.Kc5 Rb1 55.Rd6  1-0

[Event "FRA-chT"]
[Site "?"]
[Date "1989.??.??"]
[Round "?"]
[White "Marciniak, Gerard"]
[Black "Berthelot, Yannick"]
[Result "0-1"]
[WhiteElo "2040"]
[BlackElo "2320"]

1.e4 c5 2.Nf3 Nc6 3.d4 cxd4 4.Nxd4 Nf6 5.Nc3 d6 6.Bg5 Bd7 7.Qd2 Rc8 8.O-O-O Nxd4
9.Qxd4 Qa5 10.f4 e6 11.e5 dxe5 12.fxe5 Bc6 13.Bxf6 gxf6 14.Ne4 Rd8 15.Nxf6+ Ke7
16.Qh4 Rxd1+ 17.Kxd1 Kd8 18.Bc4 Kc8 19.Qh5 Bc5 20.Qe2 Bd4 21.Kc1 Qxe5 22.Qxe5 Bxe5
23.Rf1 Bxg2 24.Rf2 Bh3 25.Ne4 f6 26.Nxf6 Rf8 27.Ne4 Rxf2 28.Nxf2 Bf5 29.h3 Bd4
30.Nd3 Bxh3 31.Kd2 Kd7 32.c3 Bb6 33.Ne5+ Ke7 34.Bd3 Bc7 35.Nf3 Bf4+ 36.Ke2 h5
37.Kf2 e5 38.Ng1 Be6 39.Be4 b6 40.b3 Bd2 41.c4 Kd6 42.Nf3 Bc3 43.Ke3 Kc5
44.Bg6 Bg4 45.Ng5 Bd4+ 46.Ke4 h4 47.Bf5 Bxf5+ 48.Kxf5 Kb4  0-1

[Event "Frunze op"]
[Site "Frunze"]
[Date "1989.??.??"]
[Round "?"]
[White "Vitolinsh, Alvis"]
[Black "Bagaturov, Giorgi"]
[Result "1-0"]
[WhiteElo "2425"]
[BlackElo "2370"]

1.e4 c5 2.Nf3 Nc6 3.d4 cxd4 4.Nxd4 Nf6 5.Nc3 d6 6.Bg5 e6 7.Qd2 a6 8.O-O-O Bd7
9.f4 h6 10.Bh4 Rc8 11.Nf3 Qa5 12.Kb1 b5 13.Bd3 b4 14.Ne2 Qb6 15.Nc1 Be7 16.Rhg1 Na5
17.g4 Nc4 18.Qe2 Qc7 19.f5 e5 20.Be1 Bb5 21.Bxb4 Qb6 22.Nb3 Qe3 23.Qxe3 Nxe3
24.Rde1 Nexg4 25.Re2 h5 26.h3 Nh6 27.Rxg7 d5 28.Bxb5+ axb5 29.Bxe7 Kxe7 30.exd5 e4
31.Nfd2 Nxf5 32.Rg5 Nd6 33.Nd4 Rhg8 34.h4 Rxg5 35.hxg5 Nxd5 36.Nxe4 Nf4 37.Nxd6+ Kxd6
38.Nxb5+ Kd5 39.Nc3+ Kd4 40.Re4+ Kc5 41.Rxf4  1-0

[Event "Arnold Cup"]
[Site "Gausdal"]
[Date "1989.??.??"]
[Round "?"]
[White "Mokry, Karel"]
[Black "Conquest, Stuart"]
[Result "1-0"]
[WhiteElo "2500"]
[BlackElo "2490"]

1.e4 c5 2.Nf3 d6 3.d4 cxd4 4.Nxd4 Nf6 5.Nc3 Nc6 6.Bg5 e6 7.Qd2 Be7 8.O-O-O O-O
9.Nb3 Qb6 10.f3 Rd8 11.Kb1 d5 12.Bxf6 Bxf6 13.exd5 a5 14.Na4 Qa7 15.d6 b6
16.Qe3 Rb8 17.Bb5 Qb7 18.Nc3 Na7 19.Be2 Bxc3 20.Qxc3 Bd7 21.Qc7 Bb5 22.c4 Ba4
23.Bd3 Rdc8 24.Qxb7 Rxb7 25.c5 Rbb8 26.cxb6 Rxb6 27.d7 Rd8 28.Bc2 Nb5 29.Rd3 e5
30.Re1 Re6 31.Re4 Bxb3 32.Bxb3 Re7 33.Ba4 Nc7 34.Rc4 Ne6 35.Rd5 f6 36.Rc8 Kf7
37.Rxd8 Nxd8 38.Rxa5 e4 39.fxe4 Rxe4 40.Ra8 Ke7 41.Bb5 Re1+ 42.Kc2 Rg1 43.a4 Rxg2+
44.Kb3 f5 45.a5 f4 46.Rxd8  1-0

[Event "Troll Masters"]
[Site "Gausdal"]
[Date "1989.??.??"]
[Round "?"]
[White "Westerinen, Heikki MJ"]
[Black "Inkiov, Ventzislav"]
[Result "1/2-1/2"]
[WhiteElo "2400"]
[BlackElo "2470"]

1.e4 c5 2.Nf3 d6 3.d4 cxd4 4.Nxd4 Nf6 5.Nc3 Nc6 6.Bg5 e6 7.Qd2 Be7 8.O-O-O O-O
9.Nb3 a6 10.f4 b5 11.Bxf6 gxf6 12.Kb1 b4 13.Ne2 Qb6 14.f5 Kh8 15.Nf4 a5 16.fxe6 Bxe6
17.Nd5 Bxd5 18.Qxd5 a4 19.Nd4 Nxd4 20.Qxd4 Qxd4 21.Rxd4 Rab8 22.Bc4 Rg8 23.g3 Kg7
24.Rf1 Rgc8 25.Rf5 Rc5 26.Rxc5 dxc5 27.Rd7 Rd8 28.Rxd8 Bxd8 29.a3 bxa3 30.bxa3 Kg6
31.Bb5 f5  1/2-1/2

[Event "Baden-Hessen"]
[Site "Germany"]
[Date "1989.??.??"]
[Round "?"]
[White "Zude, Arno"]
[Black "Gschnitzer, Oswald"]
[Result "1/2-1/2"]
[WhiteElo "2320"]
[BlackElo "2410"]

1.e4 c5 2.Nf3 Nc6 3.d4 cxd4 4.Nxd4 Nf6 5.Nc3 d6 6.Bg5 e6 7.Qd2 Be7 8.O-O-O O-O
9.f4 h6 10.Bxf6 Bxf6 11.Ndb5 e5 12.g3 Bg4 13.Be2 Bxe2 14.Qxe2 a6 15.Na3 exf4
16.gxf4 Bxc3 17.bxc3 Qf6 18.Qd2 Na5 19.Qxd6 Qxc3 20.Nb1 Qa1 21.Rhg1 Rad8
22.Qa3 Nc4 23.Qb3 Nd2 24.Qb6 Qxb1+ 25.Qxb1 Nxb1  1/2-1/2

[Event "BL2-W8889"]
[Site "Germany"]
[Date "1989.??.??"]
[Round "?"]
[White "Blaskowski, Johannes"]
[Black "Hermesmann, Hans"]
[Result "1/2-1/2"]
[WhiteElo "2260"]
[BlackElo "2245"]

1.e4 c5 2.Nf3 d6 3.d4 cxd4 4.Nxd4 Nf6 5.Nc3 Nc6 6.Bg5 e6 7.Qd2 Be7 8.O-O-O O-O
9.f4 h6 10.Bxf6 Bxf6 11.Nxc6 bxc6 12.Qxd6 Qb6 13.e5 Rd8 14.Qa3 Qe3+ 15.Kb1 Rxd1+
16.Nxd1 Qxa3 17.bxa3 Be7 18.Bc4 Bxa3 19.c3 c5 20.Ne3 Rb8+ 21.Bb3 a5 22.Nc4 a4
23.Kc2 axb3+ 24.axb3 Bb4 25.cxb4 cxb4 26.Ra1 Bb7 27.g3 Be4+ 28.Kb2 Bd5 29.Nd6 f6
30.exf6 gxf6 31.Ra7 h5 32.Rd7 Bc6 33.Rc7 Bd5 34.Rd7 Bc6 35.Rc7 Bd5  1/2-1/2

[Event "BL2-N8889"]
[Site "Germany"]
[Date "1989.??.??"]
[Round "?"]
[White "Cladouras, Panagiotis"]
[Black "Schirm, Friedmar"]
[Result "1/2-1/2"]
[WhiteElo "2385"]
[BlackElo "2280"]

1.e4 c5 2.Nf3 Nc6 3.d4 cxd4 4.Nxd4 Nf6 5.Nc3 d6 6.Bg5 e6 7.Qd2 Be7 8.O-O-O Nxd4
9.Qxd4 O-O 10.Bc4 a6 11.f4 b5 12.Bb3 Bb7 13.Rhe1 Rc8 14.Bxf6 Bxf6 15.Qxd6 Bxc3
16.bxc3 Qa5 17.Qb4 Qc7 18.g3 a5 19.Qxb5 Bc6 20.Qc5 a4 21.Bc4 Qb7 22.Bd3 Rfd8
23.Qb4 Qa7 24.Kd2 Rb8 25.Qa3 Qf2+ 26.Re2 Qf3 27.Rde1 g6 28.Re3 Qf2+ 29.R1e2 Qg1
30.Re1 Qxh2+ 31.R1e2 Qh1 32.Qc1 Qh5 33.Qa3 Rb1 34.Qe7 Rd7 35.Qf6 Qh1 36.Re1 Rxe1
37.Rxe1 Qh2+ 38.Re2 Qxg3 39.c4 Qg1 40.f5 Qd4 41.Qg5 Bxe4 42.fxe6 fxe6 43.Qg4 Bxd3
44.Qxd4 Rxd4 45.cxd3 Kf7 46.Ke3 Rd8 47.Rb2 h5 48.Ke4 g5 49.d4 h4 50.Rb7+ Kf6
51.Rh7 Kg6 52.Re7 Kf6 53.Rh7 Kg6 54.Re7 Kf6 55.Rh7 Kg6  1/2-1/2

[Event "BL2-W8889"]
[Site "Germany"]
[Date "1989.??.??"]
[Round "?"]
[White "Watson, William N"]
[Black "Hermesmann, Hans"]
[Result "1/2-1/2"]
[WhiteElo "2505"]
[BlackElo "2245"]

1.e4 c5 2.Nf3 d6 3.d4 cxd4 4.Nxd4 Nf6 5.Nc3 Nc6 6.Bg5 a6 7.Qd2 Nxd4 8.Qxd4 e5
9.Qd2 Be6 10.Be2 Rc8 11.O-O Be7 12.Rfd1 Rc6 13.Bxf6 Bxf6 14.Nd5 Bg5 15.Qb4 Qc8
16.c3 O-O 17.a4 Rc5 18.Nb6 Qc6 19.a5 Bd8 20.Nd5  1/2-1/2

[Event "Gleisdorf"]
[Site "Gleisdorf"]
[Date "1989.??.??"]
[Round "6"]
[White "Wallner, Walter"]
[Black "Wilfling, Hermann"]
[Result "0-1"]
[WhiteElo "2350"]
[BlackElo "2200"]

1.e4 c5 2.Nf3 d6 3.d4 cxd4 4.Nxd4 Nf6 5.Nc3 Nc6 6.Bg5 e5 7.Ndb5 a6 8.Na3 Be6
9.Nc4 Rc8 10.Nd5 Nb4 11.Bxf6 gxf6 12.Nce3 Nxd5 13.exd5 Bd7 14.Bd3 Bh6 15.O-O Ke7
16.Qh5 Bf4 17.Bf5 Bxe3 18.fxe3 Rg8 19.Bxh7 Rg5 20.Qf3 Qh8 21.h4 Rg4 22.Bf5 Bxf5
23.Qxf5 Rcg8 24.Rf2 Rxh4 25.Rff1 Rg5 26.Qf3 e4 27.Qe2 Rh2 28.Kf2  0-1

[Event "Gleisdorf"]
[Site "Gleisdorf"]
[Date "1989.??.??"]
[Round "8"]
[White "Gazik, Igor"]
[Black "Cigan, Stefan"]
[Result "1/2-1/2"]
[WhiteElo "2390"]
[BlackElo "2360"]

1.e4 c5 2.Nf3 Nc6 3.d4 cxd4 4.Nxd4 Nf6 5.Nc3 d6 6.Bg5 a6 7.Qd2 Qa5 8.f4 Nxd4
9.Qxd4 e6 10.O-O-O Be7 11.e5 dxe5 12.fxe5 Nd5 13.Bxe7 Nxe7 14.Bd3 Nc6 15.Qh4 Nxe5
16.Ne4 f6 17.Rhf1 O-O 18.Nxf6+ Rxf6 19.Rxf6 gxf6 20.Qxh7+ Kf8 21.Qh8+ Kf7
22.Qh7+ Kf8 23.Qh8+ Kf7  1/2-1/2

[Event "URS-sf Russia-ch"]
[Site "Gorky"]
[Date "1989.??.??"]
[Round "?"]
[White "Dvoirys, Semen I"]
[Black "Utemov, Vladimir"]
[Result "1/2-1/2"]
[WhiteElo "2520"]
[BlackElo "2405"]

1.e4 c5 2.Nf3 d6 3.d4 cxd4 4.Nxd4 Nf6 5.Nc3 Nc6 6.Bg5 e6 7.Qd2 Be7 8.O-O-O O-O
9.f4 h6 10.h4 Nxd4 11.Qxd4 Qa5 12.Kb1 e5 13.Qd2 Bg4 14.Be2 Bxe2 15.Qxe2 exf4
16.Bxf4 Rfe8 17.g4 Bf8 18.Qf3 Rac8 19.Bd2 Qe5 20.g5 Nxe4 21.gxh6 Qf6 22.Qxf6 gxf6
23.Nxe4 Rxe4 24.Rdf1 Re6 25.Bc3 Bxh6 26.Bxf6 Rc4 27.c3 Rg4 28.Rf2 Bg7 29.Bg5 Bh6
30.Bf6 Bg7 31.Bd8 d5 32.Rhf1 Rd6 33.Be7 Rd7 34.Bg5 d4 35.cxd4 Rgxd4 36.Rg2 Rd1+
37.Rxd1 Rxd1+ 38.Kc2 Rd6 39.b3 Kh7 40.Be3 a6 41.Rf2 Rd7 42.Rf5 Kg6 43.Rg5+ Kh7
44.Rc5 Bf8 45.Rc8 Bd6 46.h5 Rc7+ 47.Rxc7 Bxc7 48.Kd3 f5 49.Bg5 Kg7 50.Ke3 Be5
51.Bf4 Bb2 52.Kd3 b5 53.Be3 Kh7 54.Bd2 Be5 55.Ke2 Bd4 56.Kf3 Be5 57.Bg5 Bd6
58.Bf4 Be7 59.Kg3 Bf6 60.Be3 Be5+ 61.Kh4 Bf6+ 62.Bg5 Bc3 63.Kg3 Be5+ 64.Kf3 Kg7
65.Ke3 Kh7 66.Bf4 Bb2 67.Bc7 Bc1+ 68.Kd4 Kh6 69.Ke5 Kxh5 70.Kxf5 Bd2 71.Bh2 Kh6
72.Ke6 Kg6 73.Bd6 Bc1 74.Bb4 Bb2 75.Bd2 Ba3 76.Kd5 Kf5 77.Kc6 Ke4 78.Kb6 Kd5
79.Kxa6 Kc6 80.b4 Kc7  1/2-1/2

[Event "URS-sf Russia-ch"]
[Site "Gorky"]
[Date "1989.??.??"]
[Round "?"]
[White "Dvoirys, Semen I"]
[Black "Khasin, Alexander"]
[Result "1-0"]
[WhiteElo "2520"]
[BlackElo "2445"]

1.e4 c5 2.Nf3 Nc6 3.d4 cxd4 4.Nxd4 Nf6 5.Nc3 d6 6.Bg5 e6 7.Qd2 a6 8.O-O-O h6
9.Be3 Be7 10.f4 Bd7 11.h3 Rc8 12.Kb1 b5 13.Bd3 Qa5 14.Nb3 Qc7 15.g4 Nb4 16.g5 hxg5
17.fxg5 Nh5 18.g6 f6 19.Nd4 Nxd3 20.cxd3 Qb7 21.Qf2 b4 22.Nce2 e5 23.Nf5 b3
24.Nc3 bxa2+ 25.Ka1 Bxf5 26.exf5 d5 27.Qg2 Rb8 28.Nxd5 Ng3 29.Rc1 Bd8 30.Rh2 Nxf5
31.Bc5 Rh4 32.Rc4 Qb5 33.Qf3 Rxc4 34.dxc4 Qxc4 35.Nxf6+  1-0

[Event "Gothenburg"]
[Site "Gothenburg"]
[Date "1989.??.??"]
[Round "11"]
[White "Winsnes, Rikard"]
[Black "Schneider, Lars Ake"]
[Result "1-0"]
[WhiteElo "2355"]
[BlackElo "2460"]

1.e4 c5 2.Nf3 Nc6 3.d4 cxd4 4.Nxd4 Nf6 5.Nc3 d6 6.Bg5 e6 7.Qd2 a6 8.O-O-O Bd7
9.f4 Be7 10.Nf3 b5 11.Bxf6 Bxf6 12.Qxd6 Be7 13.Qd3 b4 14.Na4 Ra7 15.Kb1 O-O
16.Qe3 Qc7 17.Nb6 Be8 18.Nc4 a5 19.e5 a4 20.Nd6 Qb8 21.Be2 b3 22.cxb3 Nb4
23.Nxe8 Rxe8 24.bxa4 Rxa4 25.Bc4 Qa8 26.a3 Nc2 27.Kxc2 Rxc4+ 28.Kb1 Rb8 29.Rd3 Re4
30.Qd2 Bxa3 31.Rd1 Ra4 32.Rd8+ Bf8 33.Rxb8 Qxb8 34.Nd4 Qa8 35.Nc2 Qe4 36.b3 Ra8
37.g3 g5 38.Qd3 Qg2 39.f5 Qh3 40.f6 Qg2 41.Qe3 h6 42.h4 Rc8 43.Ne1 Qb7 44.hxg5 Qb4
45.Nc2 Qg4 46.Rd4 Qf5 47.Qe2 hxg5 48.g4 Qh7 49.Rd1 Qh3 50.Rd3 Qh1+ 51.Kb2 Bb4
52.Rf3 Kf8 53.Qe4 Bd2 54.Ka2 Qc1 55.Nd4 Bc3 56.Rxc3 Qxc3 57.Qh1 Kg8 58.Qe4 Qd2+
59.Ka3 Qa5+ 60.Kb2 Qc3+ 61.Ka2 Rd8 62.Nf3 Rd5 63.b4 Rd3 64.Qa8+ Kh7 65.Nxg5+ Kh6
66.Nxf7+ Kh7 67.Qh8+  1-0

[Event "EU-chT"]
[Site "Haifa"]
[Date "1989.??.??"]
[Round "9"]
[White "Mokry, Karel"]
[Black "Miralles, Gilles"]
[Result "1-0"]
[WhiteElo "2500"]
[BlackElo "2445"]

1.e4 c5 2.Nf3 d6 3.d4 cxd4 4.Nxd4 Nf6 5.Nc3 Nc6 6.Bg5 e6 7.Qd2 Be7 8.O-O-O O-O
9.Nb3 Qb6 10.f3 Rd8 11.Kb1 a6 12.Be3 Qc7 13.Qf2 Nd7 14.h4 b5 15.g4 Nce5 16.Bg5 Nf6
17.Bxf6 Bxf6 18.g5 Be7 19.f4 Nc4 20.Rh3 Bd7 21.f5 Rac8 22.f6 Bf8 23.h5 Be8
24.Bxc4 bxc4 25.Nd4 Qc5 26.g6 fxg6 27.f7+ Bxf7 28.Rf1 Qa7 29.Rf3 e5 30.Rxf7 Qxd4
31.Qg3 gxh5 32.Nd5 Rb8 33.b3 cxb3 34.axb3 Kh8 35.Rg1 Rxb3+ 36.cxb3 Qxe4+
37.Kb2 Qd4+ 38.Nc3 Qd2+ 39.Kb1 Qh6 40.Rgf1 g6 41.Qf3 Bg7 42.Qb7 Rg8 43.Qe7 g5
44.Ne4 Qg6 45.R1f5 h6 46.Nxd6 Rb8 47.Ka2 e4 48.R5f6 Bxf6 49.Rxf6 Qg7 50.Rxh6+  1-0

[Event "Haninge"]
[Site "Haninge"]
[Date "1989.??.??"]
[Round "?"]
[White "Sax, Gyula"]
[Black "Wilder, Michael"]
[Result "1/2-1/2"]
[WhiteElo "2610"]
[BlackElo "2540"]

1.e4 c5 2.Nf3 d6 3.d4 cxd4 4.Nxd4 Nf6 5.Nc3 Nc6 6.Bg5 e6 7.Bb5 Bd7 8.Bxc6 bxc6
9.Qf3 Qa5 10.Bxf6 gxf6 11.O-O-O Rg8 12.g3 Qb6 13.Nb3 e5 14.h3 a5 15.Qxf6 a4
16.Nd2 Be6 17.Qf3 Be7 18.Qe2 Kd7 19.Nc4 Qc5 20.b3 Kc7 21.h4 Qb4 22.Qd3 axb3
23.cxb3 Rgd8 24.Rd2 Kb7  1/2-1/2

[Event "HUN-ch"]
[Site "?"]
[Date "1989.??.??"]
[Round "?"]
[White "Feher, Gyula"]
[Black "Tolnai, Tibor"]
[Result "1/2-1/2"]
[WhiteElo "2410"]
[BlackElo "2480"]

1.e4 c5 2.Nf3 d6 3.d4 cxd4 4.Nxd4 Nf6 5.Nc3 Nc6 6.Bg5 e6 7.Qd2 Be7 8.O-O-O Nxd4
9.Qxd4 O-O 10.f4 Qa5 11.Bc4 Bd7 12.e5 dxe5 13.fxe5 Bc6 14.Bd2 Nd7 15.Nd5 Qd8
16.Nxe7+ Qxe7 17.Rhe1 Rfc8 18.Bf1 Qc5 19.Bb4 Qxd4 20.Rxd4 h6 21.b3 Nf8  1/2-1/2

[Event "HUN-ch"]
[Site "?"]
[Date "1989.??.??"]
[Round "?"]
[White "Hazai, Laszlo"]
[Black "Orso, Miklos"]
[Result "1/2-1/2"]
[WhiteElo "2460"]
[BlackElo "2345"]

1.e4 c5 2.Nf3 d6 3.d4 cxd4 4.Nxd4 Nf6 5.Nc3 Nc6 6.Bg5 e6 7.Qd2 a6 8.O-O-O h6
9.Be3 Bd7 10.f4 Qc7 11.Kb1 Be7 12.Be2 b5 13.Bxb5 axb5 14.Ndxb5 Qb8 15.Nxd6+ Bxd6
16.Qxd6 Qxd6 17.Rxd6 Na5 18.b3 Rc8 19.Bd4 Bc6 20.Bxf6 gxf6 21.Re1 Ke7 22.Rd3 Rhd8
23.Nd5+ exd5 24.exd5+ Kf8 25.dxc6 Rxd3 26.cxd3 Nxc6 27.Re4 Ne7 28.Kb2 Ke8
29.b4 Kd7 30.a4 Nd5 31.g3 Kd6 32.b5 f5 33.Re5 Nb4 34.Rxf5 Nxd3+ 35.Kb3 Nc5+
36.Kb4 Nd3+ 37.Kb3 Nc5+  1/2-1/2

[Event "Joensuu op"]
[Site "Joensuu"]
[Date "1989.??.??"]
[Round "?"]
[White "Westerinen, Heikki MJ"]
[Black "Yrjola, Jouni"]
[Result "0-1"]
[WhiteElo "2400"]
[BlackElo "2430"]

1.e4 c5 2.Nf3 d6 3.d4 cxd4 4.Nxd4 Nf6 5.Nc3 Nc6 6.Bg5 e6 7.Bb5 Bd7 8.Bxc6 bxc6
9.Qf3 Qb6 10.O-O-O Be7 11.Nb3 e5 12.Bxf6 gxf6 13.Rxd6 Be6 14.Rd2 a5 15.a4 Rb8
16.Ne2 c5 17.Kd1 c4 18.Nbc1 Qxb2 19.Ng3 Bb4 20.c3 Qxc3 21.Qxc3 Bxc3 22.Rc2 Bd4
23.Ke2 Rb4 24.Na2 Rxa4 25.Nc3 Bxc3 26.Rxc3 Kd7 27.Rb1 Rb4 28.Ra1 a4 29.Nf1 Kc6
30.Ne3 Kc5 31.Rca3 Rb2+ 32.Kf3 Bd7 33.Rc3 Bb5 34.Rac1 Rb3 35.R3c2 Rd8 36.Kg4 Rd4
37.Kf5 a3 38.Kxf6 Rxe4 39.Kxf7 Rb2 40.Kg7 h5 41.Kg6 Rxc2 42.Rxc2 Kb4 43.Rc1 a2
44.Nd5+ Kb3 45.Ra1 Rd4 46.Nc7 Bd7 47.Kf6 Kb2  0-1

[Event "Las Palmas op"]
[Site "Las Palmas"]
[Date "1989.??.??"]
[Round "?"]
[White "Urday, Henry"]
[Black "Doncevic, Dario"]
[Result "1-0"]
[WhiteElo "2355"]
[BlackElo "2360"]

1.e4 c5 2.Nf3 Nc6 3.d4 cxd4 4.Nxd4 Nf6 5.Nc3 d6 6.Bg5 e6 7.Qd2 a6 8.O-O-O h6
9.Be3 Bd7 10.f4 b5 11.Bd3 Be7 12.h3 Nxd4 13.Bxd4 b4 14.Ne2 Qb8 15.g4 Bc6
16.Ng3 Qb7 17.Qe2 d5 18.e5 Ne4 19.Bxe4 dxe4 20.Rhe1 O-O 21.Nxe4 Bd5 22.Nd6 Qc6
23.Qd3 Bxd6 24.exd6 Rac8 25.g5 hxg5 26.fxg5 Qxd6 27.Kb1 Qf4 28.b3 Rc6 29.Be5 Qh4
30.Qd4 Qxd4 31.Rxd4 Rfc8 32.Re2 a5 33.h4 Bf3 34.Red2 Kh7 35.Kb2 Bh5 36.Rd6 Rc5
37.Bd4  1-0